书目信息 |
| 题名: |
中国的排污收费 文献篇 1979-1985
|
|
| 作者: | 国家环境? | |
| 分册: | ||
| 出版信息: | 北京 海洋出版社 1988.02 |
|
| 页数: | 751页 | |
| 开本: | 32开 | |
| 丛书名: | ||
| 单 册: | ||
| 中图分类: | D922.68 | |
| 科图分类: | ||
| 主题词: | 法律--中国 | |
| 电子资源: | ||
| ISBN: | 7-5027-0129-X | |
| 000 | 00611nam0 2200193 45 | |
| 001 | 0006111751 | |
| 005 | 20000611172013.4 | |
| 010 | @a7-5027-0129-X@d7.80元 | |
| 100 | @a20000611d1988 km y0chiy0120 ea | |
| 101 | 0 | @achi |
| 105 | @a z 000yy | |
| 200 | 1 | @a中国的排污收费 文献篇 1979-1985@AZhong Guo De Pai Wu Shou Fei Wen Xian Pian 1979-1985@f国家环境保护局编@FGuo Jia Huan Jing Bao Hu Ju Bian |
| 210 | @a北京@c海洋出版社@d1988.02 | |
| 215 | @a751页@d32开 | |
| 606 | 0 | @a法律@x中国 |
| 690 | @aD922.68@v3 | |
| 701 | 0 | @a国家环境? |
| 801 | @aCN@bPftUser@c20000611 | |
| 905 | @b203235-236@dD922.68@eG:295/1@f2 | |
| 中国的排污收费 文献篇 1979-1985/国家环境保护局编.-北京:海洋出版社,1988.02 |
| 751页;32开 |
| ISBN 7-5027-0129-X:7.80元 |
| ● |
| 相关链接 |
|
|
|
正题名:中国的排污收费文献篇1979-1985
索取号:D922.68/G:295/1
 
预约/预借
| 序号 | 登录号 | 条形码 | 馆藏地/架位号 | 状态 | 备注 |
| 1 | 203235 | 202032353 | 社科库509/509社科库 90排2列5层/ [索取号:D922.68/G:295/1] | 在馆 | |
| 2 | 203236 | 202032362 | 社科库509/509社科库 90排2列5层/ [索取号:D922.68/G:295/1] | 在馆 |